Food engineering fundamentals

Guardado en:
Detalles Bibliográficos
Autores principales: Batty, J. Clair (Autor), Folkman, Steven L (Autor)
Formato: Libro
Lenguaje:inglés
Publicado: Nueva York John Wiley and Sons 1983
Materias:
Etiquetas: Agregar Etiqueta
Sin Etiquetas, Sea el primero en etiquetar este registro!

MARC

LEADER 00000nam a2200000 a 4500
001 UCR6739
003 CL-VaPUC
008 980423e19830000US |||||||||||||||||eng|d
082 0 4 |a 664.02  |b BAT  |2 21 
100 0 |a Batty, J. Clair  |e author  |9 407772 
700 0 |a Folkman, Steven L  |e author  |9 407773 
245 1 0 |a Food engineering fundamentals 
300 |a 300 p 
942 |c BK 
945 |d 19980423 00:00:00  |a crobeson 
260 |a Nueva York  |b John Wiley and Sons  |c 1983 
650 0 |a Industria alimentaria  |9 331702 
650 7 |a TECNOLOGIA DE ALIMENTOS  |2 CL-VaPUC  |9 407774 
650 0 |a Física   |9 227844 
650 0 |a Termodinámica   |9 259320 
650 0 |a Entropía  |9 262675 
650 0 |a Refrigeración  |9 259343 
650 0 |a Mecánica de fluidos   |9 259464 
650 0 |a Transmisión de calor  |9 259410 
650 0 |a Secado  |9 331351 
650 0 |a Alimentos secos   |9 407691 
583 |a last modification  |c 19980423 00:00:00  |k Rodrigo Vera 
999 |c 268654  |d 268652 
952 |0 0  |1 0  |4 0  |6 664_020000000000000_BAT_1983  |7 0  |8 A  |9 301878  |a BIBALI  |b BIBALI  |c GEN  |d 2019-11-20  |i 1988050  |o 664.02 BAT 1983  |p 1988050  |r 2025-01-20  |w 2019-11-20  |y BK  |k ALI 
952 |0 0  |1 0  |4 0  |6 664_020000000000000_BAT_1983  |7 0  |8 A  |9 301879  |a BIBALI  |b BIBALI  |c GEN  |d 2019-11-20  |i 1988069  |o 664.02 BAT 1983  |p 1988069  |r 2025-01-20  |w 2019-11-20  |y BK  |k ALI